<?xml version="1.0" encoding="UTF-8"?>
<collection xmlns="http://www.loc.gov/MARC21/slim">
 <record>
  <leader>02963nam a22006137i 4500</leader>
  <controlfield tag="001">000694598</controlfield>
  <controlfield tag="003">CZ-PrVSE</controlfield>
  <controlfield tag="005">20220826131016.0</controlfield>
  <controlfield tag="007">ta</controlfield>
  <controlfield tag="008">220823s2022    xr d   fr     100 0 cze d</controlfield>
  <datafield tag="015" ind1=" " ind2=" ">
   <subfield code="a">cnb003429657</subfield>
  </datafield>
  <datafield tag="020" ind1=" " ind2=" ">
   <subfield code="a">978-80-245-2452-8</subfield>
   <subfield code="q">(brožováno)</subfield>
  </datafield>
  <datafield tag="040" ind1=" " ind2=" ">
   <subfield code="a">JHD001</subfield>
   <subfield code="b">cze</subfield>
   <subfield code="c">JHD001</subfield>
   <subfield code="d">JHD001</subfield>
   <subfield code="d">ABA006</subfield>
   <subfield code="e">rda</subfield>
  </datafield>
  <datafield tag="072" ind1=" " ind2="7">
   <subfield code="a">37.09</subfield>
   <subfield code="x">Organizace výuky a vzdělávání</subfield>
   <subfield code="2">Konspekt</subfield>
   <subfield code="9">22</subfield>
  </datafield>
  <datafield tag="072" ind1=" " ind2="9">
   <subfield code="a">370</subfield>
   <subfield code="x">Schools and their activities</subfield>
   <subfield code="2">Conspectus</subfield>
   <subfield code="9">22</subfield>
  </datafield>
  <datafield tag="080" ind1=" " ind2=" ">
   <subfield code="a">37.091.3</subfield>
   <subfield code="2">MRF</subfield>
  </datafield>
  <datafield tag="080" ind1=" " ind2=" ">
   <subfield code="a">378.048</subfield>
   <subfield code="2">MRF</subfield>
  </datafield>
  <datafield tag="080" ind1=" " ind2=" ">
   <subfield code="a">37.017</subfield>
   <subfield code="2">MRF</subfield>
  </datafield>
  <datafield tag="080" ind1=" " ind2=" ">
   <subfield code="a">316.346.36-053.81</subfield>
   <subfield code="2">MRF</subfield>
  </datafield>
  <datafield tag="080" ind1=" " ind2=" ">
   <subfield code="a">(062.534)</subfield>
   <subfield code="2">MRF</subfield>
  </datafield>
  <datafield tag="099" ind1=" " ind2="9">
   <subfield code="a">37ZÁV</subfield>
  </datafield>
  <datafield tag="111" ind1="2" ind2=" ">
   <subfield code="a">Teaching Generation Snowflakes: New Challenges and Opportunities (konference)</subfield>
   <subfield code="d">(2022 :</subfield>
   <subfield code="c">Trondheim, Norsko)</subfield>
   <subfield code="7">vse20221154762</subfield>
   <subfield code="4">aut</subfield>
  </datafield>
  <datafield tag="245" ind1="1" ind2="0">
   <subfield code="a">Sborník příspěvků z kulatého stolu Výuka generace sněhových vloček: Nové metody a výzvy</subfield>
   <subfield code="c">Lucie Sára Závodná, Torberg Falch (eds.)</subfield>
  </datafield>
  <datafield tag="246" ind1="3" ind2="0">
   <subfield code="a">Výuka generace sněhových vloček</subfield>
  </datafield>
  <datafield tag="264" ind1=" " ind2="1">
   <subfield code="a">V Praze :</subfield>
   <subfield code="b">Vysoká škola ekonomická, Nakladatelství Oeconomica,</subfield>
   <subfield code="c">2022</subfield>
  </datafield>
  <datafield tag="300" ind1=" " ind2=" ">
   <subfield code="a">185 stran :</subfield>
   <subfield code="b">ilustrace (některé barevné)</subfield>
  </datafield>
  <datafield tag="336" ind1=" " ind2=" ">
   <subfield code="a">text</subfield>
   <subfield code="b">txt</subfield>
   <subfield code="2">rdacontent</subfield>
  </datafield>
  <datafield tag="337" ind1=" " ind2=" ">
   <subfield code="a">bez média</subfield>
   <subfield code="b">n</subfield>
   <subfield code="2">rdamedia</subfield>
  </datafield>
  <datafield tag="338" ind1=" " ind2=" ">
   <subfield code="a">svazek</subfield>
   <subfield code="b">nc</subfield>
   <subfield code="2">rdacarrier</subfield>
  </datafield>
  <datafield tag="500" ind1=" " ind2=" ">
   <subfield code="a">Nad názvem: Vysoká škola ekonomická v Praze</subfield>
  </datafield>
  <datafield tag="504" ind1=" " ind2=" ">
   <subfield code="a">Obsahuje bibliografie a bibliografické odkazy</subfield>
  </datafield>
  <datafield tag="610" ind1="2" ind2="7">
   <subfield code="a">Vysoká škola ekonomická v Praze</subfield>
   <subfield code="7">kn20010709403</subfield>
   <subfield code="2">czenas</subfield>
  </datafield>
  <datafield tag="650" ind1="0" ind2="7">
   <subfield code="a">vyučovací metody</subfield>
   <subfield code="7">ph127294</subfield>
   <subfield code="2">czenas</subfield>
  </datafield>
  <datafield tag="650" ind1="0" ind2="7">
   <subfield code="a">vysokoškolské poradenství</subfield>
   <subfield code="7">ph239900</subfield>
   <subfield code="2">czenas</subfield>
  </datafield>
  <datafield tag="650" ind1="0" ind2="7">
   <subfield code="a">vzdělávací cíle</subfield>
   <subfield code="7">ph945468</subfield>
   <subfield code="2">czenas</subfield>
  </datafield>
  <datafield tag="650" ind1="0" ind2="7">
   <subfield code="a">generace Z</subfield>
   <subfield code="7">ph1017164</subfield>
   <subfield code="2">czenas</subfield>
  </datafield>
  <datafield tag="655" ind1=" " ind2="7">
   <subfield code="a">sborníky konferencí</subfield>
   <subfield code="7">fd133333</subfield>
   <subfield code="2">czenas</subfield>
  </datafield>
  <datafield tag="650" ind1="0" ind2="9">
   <subfield code="a">teaching methods</subfield>
   <subfield code="2">eczenas</subfield>
  </datafield>
  <datafield tag="650" ind1="0" ind2="9">
   <subfield code="a">counseling in higher education</subfield>
   <subfield code="2">eczenas</subfield>
  </datafield>
  <datafield tag="650" ind1="0" ind2="9">
   <subfield code="a">educational aims</subfield>
   <subfield code="2">eczenas</subfield>
  </datafield>
  <datafield tag="650" ind1="0" ind2="9">
   <subfield code="a">generation Z</subfield>
   <subfield code="2">eczenas</subfield>
  </datafield>
  <datafield tag="655" ind1=" " ind2="9">
   <subfield code="a">proceedings of conferences</subfield>
   <subfield code="2">eczenas</subfield>
  </datafield>
  <datafield tag="700" ind1="1" ind2=" ">
   <subfield code="a">Závodná, Lucie Sára,</subfield>
   <subfield code="d">1984-</subfield>
   <subfield code="7">xx0107841</subfield>
   <subfield code="4">edt</subfield>
  </datafield>
  <datafield tag="700" ind1="1" ind2=" ">
   <subfield code="a">Falch, Torberg,</subfield>
   <subfield code="d">1966-</subfield>
   <subfield code="7">ola20221154596</subfield>
   <subfield code="4">edt</subfield>
  </datafield>
  <datafield tag="710" ind1="2" ind2=" ">
   <subfield code="a">Vysoká škola ekonomická v Praze</subfield>
   <subfield code="7">kn20010709403</subfield>
   <subfield code="4">pbl</subfield>
  </datafield>
  <datafield tag="775" ind1="0" ind2=" ">
   <subfield code="i">Vychází též v angličtině:</subfield>
   <subfield code="t">Proceedings from the round table Teaching Generation Snowflakes: New Challenges and Opportunities</subfield>
   <subfield code="w">(CZ-PrVSE)000693423</subfield>
  </datafield>
  <datafield tag="993" ind1=" " ind2=" ">
   <subfield code="a">009568074</subfield>
  </datafield>
  <datafield tag="928" ind1="9" ind2=" ">
   <subfield code="a">Oeconomica</subfield>
  </datafield>
  <datafield tag="996" ind1=" " ind2=" ">
   <subfield code="1">HPUVV</subfield>
   <subfield code="3">A 14454-V2</subfield>
   <subfield code="4">N:G</subfield>
   <subfield code="5">4202145771</subfield>
   <subfield code="8">20220823</subfield>
   <subfield code="9">378ZÁV</subfield>
   <subfield code="f">81</subfield>
   <subfield code="l">UEP01</subfield>
   <subfield code="m">BOOK</subfield>
   <subfield code="q">Knihovna FM JH volný výběr</subfield>
   <subfield code="t">na 1 měsíc</subfield>
   <subfield code="u">UEP01</subfield>
  </datafield>
  <datafield tag="996" ind1=" " ind2=" ">
   <subfield code="1">HPUVV</subfield>
   <subfield code="3">A 14454-V3</subfield>
   <subfield code="4">N:G</subfield>
   <subfield code="5">4202146044</subfield>
   <subfield code="8">20221209</subfield>
   <subfield code="9">378ZÁV</subfield>
   <subfield code="f">81</subfield>
   <subfield code="l">UEP01</subfield>
   <subfield code="m">BOOK</subfield>
   <subfield code="q">Knihovna FM JH volný výběr</subfield>
   <subfield code="t">na 1 měsíc</subfield>
   <subfield code="u">UEP01</subfield>
  </datafield>
  <datafield tag="996" ind1=" " ind2=" ">
   <subfield code="1">HPUVV</subfield>
   <subfield code="3">A 14454-V4</subfield>
   <subfield code="4">N:G</subfield>
   <subfield code="5">4202146045</subfield>
   <subfield code="8">20221209</subfield>
   <subfield code="9">378ZÁV</subfield>
   <subfield code="f">81</subfield>
   <subfield code="l">UEP01</subfield>
   <subfield code="m">BOOK</subfield>
   <subfield code="q">Knihovna FM JH volný výběr</subfield>
   <subfield code="t">na 1 měsíc</subfield>
   <subfield code="u">UEP01</subfield>
  </datafield>
  <datafield tag="996" ind1=" " ind2=" ">
   <subfield code="1">HSTU1</subfield>
   <subfield code="3">A 14454-V1</subfield>
   <subfield code="4">N:G</subfield>
   <subfield code="5">4202145770</subfield>
   <subfield code="8">20220823</subfield>
   <subfield code="9">378ZÁV</subfield>
   <subfield code="f">85</subfield>
   <subfield code="l">UEP01</subfield>
   <subfield code="m">BOOK</subfield>
   <subfield code="q">Knihovna FM JH studovna I</subfield>
   <subfield code="t">prezenční</subfield>
   <subfield code="u">UEP01</subfield>
  </datafield>
 </record>
</collection>
